000 00500cam a22002171 4500
001 sa 68009031
003 DLC
005 20260227112539.0
008 890621s1968 ii 000 1 beno
010 _asa 68009031
035 _a(OCoLC)19906529
040 _aDLC
_cWaU
_dDLC
042 _apremarc
050 0 0 _aPK1718.B6
_bG6
100 1 _aBose, Buddhadeva.
245 1 0 _aGolāpa kena kālo.
260 _c[1968]
300 _a168 p.
_c22 cm.
500 _aIn Bengali.
500 _aA novel.
999 _c82667
_d82667